The German Peasant War of 1525 : new viewpoints /

Bibliographic Details
Other Authors: Scribner, Robert W., Benecke, Gerhard
Format: Book
Language:English
Published: London ; Boston : Allen & Unwin, 1979.
Subjects:

MARC

Tag First Indicator Second Indicator Subfields
LEADER 00000cam a2200000 i 4500
001 in00000083548
005 20151008053116.0
008 791011s1979 enkb b 00100 eng
010 |a  78040624  
015 |a GB*** 
020 |a 0049000314 :  |c 7.50 
020 |a 0049000322 (pbk.) 
035 |a (OCoLC)04766493 
035 |9 AAH6240AM 
040 |a DLC  |c DLC  |d TXA  |d UtOrBLW 
043 |a e-gx--- 
049 |a TXAM  |c [981214] 
050 0 0 |a DD182  |b .G48 
082 0 |a 943/.031 
245 0 4 |a The German Peasant War of 1525 :  |b new viewpoints /  |c edited by Bob Scribner and Gerhard Benecke. 
264 1 |a London ;  |a Boston :  |b Allen & Unwin,  |c 1979. 
300 |a x, 206 pages :  |b map ;  |c 23 cm. 
336 |a text  |b txt  |2 rdacontent 
337 |a unmediated  |b n  |2 rdamedia 
338 |a volume  |b nc  |2 rdacarrier 
500 |a Includes index. 
504 |a Bibliography: pages [190]-199. 
650 0 |a Peasants' War, 1524-1525. 
700 1 |a Scribner, Robert W. 
700 1 |a Benecke, Gerhard. 
999 |a MARS 
999 f f |s 8948afef-7be6-35b4-a124-36079a1bd72d  |i 74b671de-4c44-37cd-b47a-bcfc8d13d63a  |t 0 
952 f f |p ric  |a Texas A&M University  |b Rellis Campus  |c Joint Library Facility  |d Remote Storage  |t 0  |e DD182 .G48  |h Library of Congress classification  |i unmediated -- volume  |m A14801972299 
998 f f |a DD182 .G48  |t 0  |l Remote Storage